[Event "16th Open"]
[Site "Abu Dhabi UAE"]
[Date "2006.08.16"]
[Round "5"]
[White "Jakovljevic,Vlado"]
[Black "Goloshchapov,A"]
[Result "1/2-1/2"]
[WhiteElo "2414"]
[BlackElo "2558"]
[EventDate "2006.08.12"]

1. Nf3 Nf6 2. c4 c5 3. Nc3 e6 4. g3 b6 5. Bg2 Bb7 6. O-O a6 7. Re1 d6 8. e4
Nbd7 9. d4 cxd4 10. Nxd4 Qc7 11. Be3 Rc8 12. Rc1 Qb8 13. b3 Be7 14. f4 Qa8
15. Bf2 O-O 16. g4 g6 17. g5 Nh5 18. Qg4 Rce8 19. Rcd1 f5 20. exf5 Bxg2 21.
Qxg2 Qxg2+ 22. Kxg2 Nxf4+ 23. Kg3 e5 24. f6 Bxf6 25. gxf6 Nh5+ 26. Kg2 Nf4+
27. Kg3 Nh5+ 28. Kg2 Nf4+ 29. Kg3 1/2-1/2

[Event "16th Open"]
[Site "Abu Dhabi UAE"]
[Date "2006.08.16"]
[Round "5"]
[White "Neverov,V"]
[Black "Darban,M"]
[Result "1/2-1/2"]
[WhiteElo "2556"]
[BlackElo "2390"]
[EventDate "2006.08.12"]

1. d4 d6 2. Nf3 Nf6 3. c4 g6 4. Nc3 Bg7 5. e4 O-O 6. Be2 e5 7. O-O Nc6 8.
d5 Ne7 9. Ne1 Nd7 10. Nd3 f5 11. Bd2 fxe4 12. Nxe4 Nf5 13. Bc3 a5 14. Re1
b6 15. Bf3 Nf6 16. Rc1 Nh4 17. Nxf6+ Qxf6 18. Be4 Bf5 19. Rc2 Qg5 20. Bd2
Qg4 21. Qxg4 Bxg4 22. f3 Bd7 23. b3 Nf5 24. a3 Rfc8 25. Rb2 c5 26. dxc6
Bxc6 27. a4 Ra7 28. Nf2 Rd7 29. Be3 Nxe3 30. Rxe3 d5 31. cxd5 Bxd5 32.
Bxd5+ Rxd5 33. Ne4 Kf7 34. Kf2 Bh6 35. Ree2 Rd3 36. b4 Bc1 37. Rb1 axb4 38.
Rxb4 Rc6 39. Ra2 Ra3 40. Rxa3 Bxa3 41. Rb5 Ke6 42. Ke3 Be7 43. Kd3 Bd8 44.
Nd2 Rd6+ 45. Kc3 Rd5 46. Rxd5 Kxd5 47. Kb4 Kc6 48. Kc4 Bg5 49. Ne4 Bh4 50.
Nc3 Bf2 51. Nd5 Bc5 52. g4 h5 53. Nf6 h4 54. Ne4 Be7 55. h3 Bd8 56. Nf2 Be7
57. Nd1 Bc5 58. Nc3 Bf8 59. Ne4 Be7 60. Nc3 Bf8 61. Kd3 Bb4 62. Nb5 Kd5 63.
Nc7+ Kd6 64. Ne8+ Kd7 65. Nf6+ Kc6 66. Ke4 Kd6 67. Nd5 Bc5 68. f4 exf4 69.
Nxf4 g5 70. Nd3 Kc6 71. Ne5+ Kb7 72. Kf5 Be7 73. Ke6 Ba3 74. Nf3 Bc1 75.
Kf5 Ka6 76. Nxg5 Ka5 77. Ne4 Kxa4 78. g5 b5 79. Nc5+ Ka3 80. g6 Bb2 81. Kg5
b4 82. Kxh4 b3 83. Nd3 Bd4 84. Kg5 Ka4 85. h4 Kb5 86. Kf5 Kc4 87. Ne5+ Kc3
88. g7 b2 89. g8=Q b1=Q+ 90. Kf6 Qf1+ 1/2-1/2

[Event "16th Open"]
[Site "Abu Dhabi UAE"]
[Date "2006.08.16"]
[Round "5"]
[White "Allahverdiev,A"]
[Black "Magerramov,E"]
[Result "1/2-1/2"]
[WhiteElo "2435"]
[BlackElo "2530"]
[EventDate "2006.08.12"]

1. c4 e6 2. Nc3 c5 3. Nf3 Nf6 4. g3 Nc6 5. Bg2 d5 6. cxd5 Nxd5 7. O-O Be7
8. d4 O-O 9. Nxd5 exd5 10. dxc5 Bxc5 11. Qc2 Bb6 12. Ng5 g6 13. Rd1 Qf6 14.
Nf3 Bf5 15. Qb3 Rfe8 16. Bg5 Qg7 17. Qb5 h6 18. Bf4 Be4 19. a4 g5 20. Be3
Bxe3 21. fxe3 Re7 22. Ra3 Rae8 23. Rc3 Qf6 24. Rf1 Qg6 25. a5 d4 26. exd4
Bxf3 27. Bxf3 Nxd4 28. Qc4 Nxe2+ 29. Bxe2 Rxe2 30. Rcf3 R2e6 31. Rxf7 Qxf7
32. Rxf7 Kxf7 33. Kg2 a6 34. Qd5 R8e7 35. Kf3 Kg6 36. Qd3+ Kg7 37. Kg4 Re2
38. h3 R2e4+ 39. Kf3 R4e5 40. Kg4 Re3 41. Qc2 1/2-1/2

[Event "16th Open"]
[Site "Abu Dhabi UAE"]
[Date "2006.08.16"]
[Round "5"]
[White "Ushenina,A"]
[Black "Rausis,I"]
[Result "0-1"]
[WhiteElo "2410"]
[BlackElo "2510"]
[EventDate "2006.08.12"]

1. d4 Nf6 2. c4 g6 3. Nc3 d5 4. Nf3 Bg7 5. Bg5 Ne4 6. Bh4 Nxc3 7. bxc3 dxc4
8. e3 Be6 9. Qb1 O-O 10. Ng5 Bd5 11. e4 h6 12. exd5 hxg5 13. Qxb7 gxh4 14.
Qxa8 c5 15. Bxc4 Qc7 16. Rc1 cxd4 17. cxd4 Qa5+ 18. Ke2 Bxd4 19. Qb7 Qa3
20. Qb1 Qd6 21. Qe4 Bf6 22. Bb5 Kg7 23. g3 Rh8 24. Rhd1 Rh5 25. Kf1 Nd7 26.
Bxd7 Qxd7 27. Kg1 hxg3 28. hxg3 Qh3 29. Rc4 Qh2+ 30. Kf1 Re5 31. Qg2 Qh5
32. g4 Qh4 33. Rd3 Rh5 34. Qg3 Qh1+ 35. Qg1 Qh4 36. Qg3 Qh1+ 37. Qg1 Qh4
38. f4 Rh8 39. Qg2 g5 40. f5 Be5 41. Ra3 Qh6 42. Rc6 Qh4 43. Re3 Bf6 44.
Ra3 Be5 45. Re3 Bf6 46. Ra3 a5 47. Rb3 a4 48. Rb7 Rd8 49. Ke2 Qh8 50. Rb1
Rb8 51. Rcb6 Rxb6 52. Rxb6 Qc8 53. Qe4 Qc5 54. Ra6 Qb5+ 55. Qd3 Qb2+ 56.
Qd2 Qb5+ 57. Qd3 Qb4 58. Ra8 Qxg4+ 59. Qf3 Qc4+ 60. Kf2 Qxa2+ 61. Kf1 Qc4+
62. Ke1 g4 63. Qh1 Qc1+ 0-1

[Event "16th Open"]
[Site "Abu Dhabi UAE"]
[Date "2006.08.16"]
[Round "5"]
[White "Sturua,Z"]
[Black "Nezad,H"]
[Result "1/2-1/2"]
[WhiteElo "2509"]
[BlackElo "2320"]
[EventDate "2006.08.12"]

1. c4 e6 2. Nc3 d5 3. d4 Be7 4. cxd5 exd5 5. Bf4 c6 6. Qc2 Bd6 7. Bxd6 Qxd6
8. e3 Qg6 9. Qxg6 hxg6 10. b4 a6 11. f3 Ne7 12. Bd3 Bf5 13. e4 dxe4 14.
fxe4 Bg4 15. Kf2 Nd7 16. Kg3 Be6 17. Nf3 O-O-O 18. h3 f6 19. a4 Ne5 20.
dxe5 Rxd3 21. Rac1 1/2-1/2

[Event "16th Open"]
[Site "Abu Dhabi UAE"]
[Date "2006.08.16"]
[Round "5"]
[White "Alavi,S"]
[Black "Odeev,H"]
[Result "0-1"]
[WhiteElo "2314"]
[BlackElo "2492"]
[EventDate "2006.08.12"]

1. e4 c5 2. Nf3 d6 3. d4 cxd4 4. Nxd4 Nf6 5. Nc3 a6 6. Be2 e5 7. Nb3 Be7 8.
Bg5 Be6 9. Bxf6 Bxf6 10. Qd3 Nc6 11. O-O-O Nd4 12. Nxd4 exd4 13. Nd5 Bxd5
14. exd5 O-O 15. Bf3 Rc8 16. Kb1 Rc5 17. Be4 h6 18. f4 Qb6 19. Ka1 Rfc8 20.
Rhe1 Kf8 21. Rc1 Rb5 22. Rb1 Qa5 23. Red1 Rb4 24. Bf5 Rcc4 25. Bd7 b5 26.
b3 Rxc2 27. Rb2 Rc3 28. Qh7 g6 29. f5 Qc7 30. Bc6 d3 31. Kb1 Bg7 32. fxg6
Rc2 33. Rxc2 dxc2+ 34. Kxc2 Qa5 35. a4 Rc4+ 0-1

[Event "16th Open"]
[Site "Abu Dhabi UAE"]
[Date "2006.08.16"]
[Round "5"]
[White "Amin,B"]
[Black "Mamedjarova,T"]
[Result "1-0"]
[WhiteElo "2453"]
[BlackElo "2241"]
[EventDate "2006.08.12"]

1. Nf3 Nf6 2. g3 g6 3. Bg2 Bg7 4. O-O O-O 5. d3 d5 6. Nbd2 c5 7. e4 dxe4 8.
dxe4 Nc6 9. c3 Qc7 10. Qe2 Rd8 11. Nc4 e5 12. Bg5 Be6 13. Ne3 Rd7 14. Nd2
Ne8 15. f4 f6 16. Bh4 exf4 17. gxf4 Ne7 18. f5 Bf7 19. fxg6 hxg6 20. Ndc4
Rdd8 21. e5 f5 22. Ng4 Qd7 23. Nd6 Qe6 24. Rae1 Rd7 25. Nxb7 Rc8 26. Nf2
Nd5 27. Nh3 Bh6 28. Bg5 Bg7 29. c4 Ndc7 30. Nxc5 Qb6 31. Qf2 1-0

[Event "16th Open"]
[Site "Abu Dhabi UAE"]
[Date "2006.08.16"]
[Round "5"]
[White "Lodhi,M"]
[Black "Sale,S"]
[Result "1/2-1/2"]
[WhiteElo "2360"]
[BlackElo "2438"]
[EventDate "2006.08.12"]

1. d4 Nf6 2. Nf3 c5 3. g3 cxd4 4. Nxd4 d5 5. Bg2 e5 6. Nb3 h6 7. O-O Nc6 8.
Nc3 d4 9. Ne4 Nxe4 10. Bxe4 Bh3 11. Re1 Qd7 12. e3 O-O-O 13. exd4 exd4 14.
Qh5 g6 15. Qb5 a6 16. Qb6 g5 17. Bd2 Qc7 18. Qxc7+ Kxc7 19. Rad1 Bg7 20.
Na5 Nxa5 21. Bxa5+ b6 22. Bd2 Rhe8 23. Bd3 a5 24. f4 Bf6 25. Kf2 Be6 26. a4
Bd5 27. b3 Re6 28. Bf5 Rc6 29. Bd3 Kb7 30. Rb1 Rdc8 31. Rb2 Ka7 32. Reb1
gxf4 33. b4 fxg3+ 34. hxg3 Bg5 35. Bxg5 hxg5 36. bxa5 Rf6+ 37. Ke1 Re8+ 38.
Kd1 Rh8 39. Rxb6 Rh1+ 40. Ke2 Rh2+ 41. Kd1 Rh1+ 1/2-1/2

[Event "16th Open"]
[Site "Abu Dhabi UAE"]
[Date "2006.08.16"]
[Round "5"]
[White "Abbasov,F"]
[Black "Lalith,B"]
[Result "1-0"]
[WhiteElo "2443"]
[BlackElo "2297"]
[EventDate "2006.08.12"]

1. d4 Nf6 2. c4 e6 3. Nc3 Bb4 4. f3 d5 5. a3 Bxc3+ 6. bxc3 c5 7. cxd5 Nxd5
8. dxc5 Qa5 9. e4 Nf6 10. Be3 O-O 11. Qb3 Nfd7 12. Qb4 Qc7 13. Nh3 Nc6 14.
Qa4 Na5 15. Qb5 a6 16. Qb4 Nc6 17. Qa4 Na5 18. Rb1 Nxc5 19. Qb4 Nd7 20. c4
Nc6 21. Qc3 b6 22. Be2 a5 23. O-O Ba6 24. Bf4 e5 25. Be3 Rfc8 26. Rfd1 Rab8
27. Nf2 Nc5 28. Bf1 Ne6 29. c5 b5 30. Nd3 b4 31. axb4 Bxd3 32. Qxd3 axb4
33. Rdc1 Ned4 34. Qd2 Rd8 35. Qf2 Na5 36. f4 f6 37. fxe5 fxe5 38. c6 Kh8
39. Rc5 Ndb3 40. Rxe5 Qxe5 41. Bf4 Qxe4 42. c7 Rbc8 43. cxd8=Q+ Rxd8 44.
Re1 Qb7 45. Bd3 Qf7 46. Bxh7 Kxh7 47. Qh4+ Kg6 48. Qg4+ Kh7 49. Qh4+ Kg6
50. Qxd8 Qxf4 51. Qd3+ Kg5 52. h4+ Qxh4 53. Re5+ Kh6 54. Re6+ 1-0

[Event "16th Open"]
[Site "Abu Dhabi UAE"]
[Date "2006.08.16"]
[Round "5"]
[White "Himdan,M"]
[Black "Kayumov,S"]
[Result "0-1"]
[WhiteElo "2282"]
[BlackElo "2435"]
[EventDate "2006.08.12"]

1. e4 e5 2. Nf3 Nc6 3. d4 exd4 4. Nxd4 Bc5 5. Be3 Qf6 6. c3 Nge7 7. Bc4 b6
8. O-O Bb7 9. Nb3 Ne5 10. Be2 Bxe4 11. Nxc5 bxc5 12. Bxc5 Bxg2 13. Bxe7 Qc6
14. Ba3 Bh3 15. f3 Qg6+ 16. Kf2 Bxf1 17. Bxf1 d6 18. Bb5+ Ke7 19. Qe2 Qf6
20. Nd2 Rab8 21. Re1 Qh4+ 22. Kg2 Rxb5 23. c4 Ra5 24. Bb4 Qg5+ 25. Kh1 Ra4
26. Qxe5+ Qxe5 27. Rxe5+ Kd7 28. Rb5 a6 29. b3 axb5 30. bxa4 bxa4 31. Kg2
Rb8 32. Bc3 Kc6 33. Kf2 f6 34. Bd4 d5 35. cxd5+ Kxd5 36. Bc3 c5 37. Ke3
Re8+ 38. Kf2 Re7 39. Bb2 Rb7 40. Bc3 Rc7 41. Ke3 Re7+ 42. Kf2 Re6 43. Bb2
Rb6 44. Bc3 h6 45. Ke2 Re6+ 46. Kf2 g5 47. Ba1 f5 48. h3 h5 49. Bb2 Rg6 50.
Ke2 g4 51. fxg4 fxg4 52. hxg4 Rxg4 53. Nf1 Rg2+ 0-1

[Event "16th Open"]
[Site "Abu Dhabi UAE"]
[Date "2006.08.16"]
[Round "5"]
[White "Ahmed,I"]
[Black "Motoc,A"]
[Result "1/2-1/2"]
[WhiteElo "2113"]
[BlackElo "2309"]
[EventDate "2006.08.12"]

1. e4 c5 2. Nf3 d6 3. d4 cxd4 4. Nxd4 Nf6 5. Nc3 a6 6. Be2 e5 7. Nb3 Be7 8.
O-O O-O 9. Be3 Be6 10. f4 exf4 11. Rxf4 Nc6 12. a4 d5 13. Rxf6 Bxf6 14.
exd5 Bxc3 15. dxc6 Bxb3 16. cxb7 Rb8 17. Qxd8 Rfxd8 18. cxb3 Bxb2 19. Rb1
Bd4 20. Bxd4 Rxd4 21. Rc1 Kf8 22. Bxa6 Ke7 23. Rc7+ Rd7 24. Rc8 Rbxb7 25.
Bxb7 Rxb7 26. Rc3 Kd6 27. Kf2 f5 28. Ke3 g5 29. Kd3 Kd5 30. Kc2 f4 31. Rc4
Re7 32. Kd2 h5 33. Rb4 Rg7 34. a5 Kc5 35. Re4 Kd5 36. Kd3 h4 37. h3 g4 38.
Rxf4 gxh3 39. Rd4+ Kc5 40. b4+ Kb5 41. gxh3 Rg3+ 42. Ke2 Rxh3 43. Kf2 Rh2+
44. Kg1 Ra2 45. Rxh4 Rc2 46. Kf1 Ra2 47. Ke1 Rb2 48. Kd1 Ra2 49. Kc1 Rg2
50. Rd4 1/2-1/2

[Event "16th Open"]
[Site "Abu Dhabi UAE"]
[Date "2006.08.16"]
[Round "5"]
[White "Pourkashiyan,A"]
[Black "Qaddara,A"]
[Result "1-0"]
[WhiteElo "2298"]
[BlackElo "2243"]
[EventDate "2006.08.12"]

1. e4 c5 2. Nf3 Nc6 3. d4 cxd4 4. Nxd4 e5 5. Nb5 d6 6. N1c3 a6 7. Na3 b5 8.
Nd5 Nf6 9. Bg5 Be7 10. Bxf6 Bxf6 11. c3 O-O 12. Nc2 Bg5 13. a4 bxa4 14.
Rxa4 Kh8 15. Be2 g6 16. O-O f5 17. exf5 gxf5 18. f4 Bh6 19. Bc4 Ra7 20. Qh5
Bxf4 21. Nxf4 exf4 22. Kh1 Ne5 23. Bd5 Rg7 24. Raxf4 a5 25. Nd4 Ng6 26.
R4f2 f4 27. Ne6 Bxe6 28. Bxe6 Qf6 29. Bd5 Re7 30. Qd1 Re5 31. Qd4 Rf5 32.
Qxf6+ R8xf6 33. c4 Ne7 34. Bf3 Rc5 35. Re2 Ng6 36. Bd5 Kg7 37. Re8 Ne5 38.
Rg8+ Kh6 39. b3 a4 40. b4 Rc7 41. b5 Nxc4 42. Rf3 Rg6 43. Rh3+ Kg5 44. Rc3
Rxg8 45. Bxg8 a3 46. h4+ Kh6 47. Rc2 Rc5 48. Bxc4 a2 49. Rxa2 Rxc4 50. Rb2
Rc7 51. Kh2 Kg6 52. Rd2 Rd7 53. Kh3 Kf5 54. b6 Ke5 55. Re2+ Kf5 56. Rb2 Rb7
57. Rb5+ Ke4 58. Rb4+ Ke5 59. Kg4 d5 60. Kf3 h5 61. Rb5 Kd4 62. Kxf4 Kc4
63. Rb1 d4 64. Ke4 Kc3 65. Rb5 Kc4 66. Rd5 Re7+ 67. Re5 Rb7 68. Re6 Rg7 69.
Rc6+ Kb5 70. Rd6 Kc5 71. Rd5+ Kxb6 72. Rg5 Rd7 73. Kd3 Rh7 74. Kxd4 Kc6 75.
Ke5 Rh6 76. Rg7 Rh8 77. Rg6+ Kd7 78. Kf6 Ke8 79. Kg7 Rf8 80. Rf6 1-0

[Event "16th Open"]
[Site "Abu Dhabi UAE"]
[Date "2006.08.16"]
[Round "5"]
[White "Sethuraman,S"]
[Black "Salem,AR"]
[Result "1-0"]
[WhiteElo "2290"]
[BlackElo "2154"]
[EventDate "2006.08.12"]

1. e4 c6 2. d4 d5 3. e5 Bf5 4. Nf3 e6 5. Be2 Ne7 6. O-O c5 7. c4 Nd7 8.
dxc5 Nxc5 9. Nd4 Bg6 10. Bg5 dxc4 11. Na3 Qb8 12. Nxc4 Nd5 13. Nb5 Ne4 14.
Qa4 Nxg5 15. Nc7+ Ke7 16. Nxa8 Qxa8 17. Nd6 f6 18. Rac1 fxe5 19. Nc8+ Kf6
20. h4 Nf7 21. f4 exf4 22. Qd4+ Ne5 23. Bf3 b6 24. Rfe1 Qb8 25. Bxd5 Bc5
26. Rxc5 Bf5 27. Qxf4 h6 28. Bxe6 1-0

[Event "16th Open"]
[Site "Abu Dhabi UAE"]
[Date "2006.08.16"]
[Round "5"]
[White "Mahmoody,M"]
[Black "Bistric,F"]
[Result "0-1"]
[WhiteElo "2242"]
[BlackElo "2426"]
[EventDate "2006.08.12"]

1. d4 Nf6 2. Nf3 b6 3. g3 Bb7 4. Bg2 c5 5. dxc5 bxc5 6. c4 g6 7. Nc3 Bg7 8.
O-O O-O 9. h3 d6 10. Qd3 Nc6 11. e4 Rb8 12. Bg5 Ne8 13. Rad1 Nc7 14. Qd2
Ne6 15. Bh6 Qa5 16. Bxg7 Kxg7 17. b3 Ned4 18. Nxd4 Nxd4 19. f4 f6 20. Rf2
Bc6 21. Rdf1 e5 22. Kh2 Qc7 23. h4 h6 24. fxe5 dxe5 25. g4 Qe7 26. Qe3 Rbd8
27. Kg1 Ne6 28. Nd5 Bxd5 29. cxd5 Nd4 30. Rc1 Rc8 31. Rc4 Rb8 32. Qc3 Rfc8
33. Ra4 Rc7 34. Ra6 Rb6 35. Qc4 Qd7 36. Rxb6 axb6 37. Qa6 Qd6 38. h5 Rf7
39. hxg6 Kxg6 40. Qd3 Rg7 41. Qh3 Kh7 42. Qh5 Rg6 43. Kh2 Kg7 44. Bh3 Qb8
45. Qh4 Qa7 46. d6 Qd7 47. Rxf6 Rxf6 48. Qxf6+ Kxf6 49. g5+ Kxg5 50. Bxd7
Kf6 51. Kg2 Ne2 52. Kf3 Nc1 53. Bc8 Nxa2 54. d7 Ke7 55. Kg4 Nb4 56. Kf5 Nc6
57. Ba6 Kxd7 58. Kg6 Na5 59. Bb5+ Kd6 60. Ba4 c4 61. bxc4 Kc5 62. Kxh6 Nxc4
63. Kg5 b5 64. Bb3 Nd2 65. Bd5 b4 66. Kg4 b3 67. Kg3 Nc4 0-1

[Event "16th Open"]
[Site "Abu Dhabi UAE"]
[Date "2006.08.16"]
[Round "5"]
[White "Javakhishvili,L"]
[Black "Nadig,K"]
[Result "1-0"]
[WhiteElo "2418"]
[BlackElo "2226"]
[EventDate "2006.08.12"]

1. c4 Nf6 2. Nf3 g6 3. Nc3 d5 4. Qa4+ Bd7 5. Qb3 dxc4 6. Qxc4 a6 7. e4 b5
8. Qe2 Bc8 9. d4 Bg7 10. g3 Bb7 11. e5 Nd5 12. Ne4 O-O 13. Bg2 Nd7 14. O-O
Rc8 15. e6 fxe6 16. Neg5 Rf6 17. Nxe6 Qe8 18. Bg5 Rf5 19. Bh3 Nc3 20. bxc3
Bxf3 21. Qe3 Rf7 22. Nxg7 Kxg7 23. Be6 Kh8 24. Bxf7 Qxf7 25. Qxe7 Qf5 26.
Rae1 Bc6 27. f3 Rf8 28. Bh6 Rg8 29. Re6 Qd5 30. Qf7 1-0

[Event "16th Open"]
[Site "Abu Dhabi UAE"]
[Date "2006.08.16"]
[Round "5"]
[White "Schacht,H"]
[Black "Khader,S"]
[Result "0-1"]
[WhiteElo "2254"]
[BlackElo "2384"]
[EventDate "2006.08.12"]

1. d4 Nf6 2. c4 e6 3. Nf3 d5 4. cxd5 exd5 5. Nc3 Bb4 6. Qa4+ Nc6 7. Bg5 h6
8. Bh4 O-O 9. e3 Qd6 10. Be2 Ne4 11. Rc1 Bd7 12. Qd1 Ne7 13. O-O Nf5 14.
Bg3 Nfxg3 15. hxg3 c6 16. Nxe4 dxe4 17. Ne5 Be6 18. a3 Ba5 19. Nc4 Bxc4 20.
Bxc4 Rae8 21. b4 Bb6 22. Qh5 Re7 23. g4 Ra8 24. f3 Qg3 25. Qh3 Qxh3 26.
gxh3 exf3 27. Rxf3 g6 28. Rcf1 Rf8 29. Kg2 Kg7 30. h4 f6 31. g5 hxg5 32.
hxg5 f5 33. Rh1 Rh8 34. Rxh8 Kxh8 35. Rh3+ Kg7 36. Kf3 Re4 37. Bd3 Rg4 38.
Rg3 Rh4 39. Bf1 Rh5 40. Bd3 Bc7 41. Rg1 Rh3+ 42. Kf2 f4 43. Re1 Bb6 44. Bf1
Rxe3 45. Rxe3 Bxd4 46. Kf3 fxe3 47. Bd3 Kf7 48. Ke4 Bb6 49. Ke5 Ke7 50. Be2
c5 51. Kd5 cxb4 52. axb4 Bc7 53. Ke4 Bb6 54. Kd5 Bd8 55. Ke4 Kd6 56. Kxe3
Bxg5+ 57. Kd4 Bf6+ 58. Kc4 a6 59. Bf3 b6 60. Bd1 a5 61. bxa5 bxa5 62. Kb5
Bd8 63. Kc4 Ke5 64. Kd3 Kf4 65. Ke2 g5 66. Kf2 g4 67. Kg2 g3 0-1

[Event "16th Open"]
[Site "Abu Dhabi UAE"]
[Date "2006.08.16"]
[Round "5"]
[White "Lomineishvili,M"]
[Black "Al Sulaiti,G"]
[Result "1-0"]
[WhiteElo "2380"]
[BlackElo "2128"]
[EventDate "2006.08.12"]

1. d4 d5 2. c4 e6 3. Nc3 Be7 4. Nf3 Nf6 5. Bg5 O-O 6. e3 Nbd7 7. Rc1 dxc4
8. Bxc4 a6 9. a4 c5 10. O-O cxd4 11. exd4 Nb6 12. Bb3 Bd7 13. Ne5 Bc6 14.
Qd3 Nbd5 15. Qh3 Nb4 16. Rfe1 Nfd5 17. Bd2 Qb6 18. Nxd5 Nxd5 19. Bxd5 Bxd5
20. Nd7 Qxd4 21. Bc3 Qxa4 22. Qg3 f6 23. Nxf8 Rxf8 24. Bd2 Bd8 25. Bf4 Qd7
26. Bd6 Re8 27. Red1 Qf7 28. Rc8 Bb6 29. Rdc1 Bc6 30. Rxe8+ Qxe8 31. Qb3
Qd7 32. Qb4 Bd8 33. Rd1 Bd5 34. Bf4 Be7 35. Qd4 Bd6 36. Bxd6 Qxd6 37. Rc1
Qd7 38. f4 Bc6 39. Qxd7 Bxd7 40. Rc7 Bc6 41. g4 e5 42. fxe5 fxe5 43. g5 a5
44. Kf2 a4 45. Ke3 Bg2 46. Re7 Kf8 47. Rxe5 Kf7 48. Kf4 Bc6 49. h4 h6 50.
h5 hxg5+ 51. Kxg5 Bd7 52. Re4 b5 53. Rf4+ Ke7 54. Rd4 Be6 55. Re4 Kf7 56.
Re5 Bc4 57. Rc5 Kg8 58. Rc7 Ba2 59. Rd7 b4 60. Rb7 a3 61. bxa3 bxa3 62. Kg6
Kh8 63. Rxg7 Bb1+ 64. Kh6 Ba2 65. Rh7+ Kg8 66. Ra7 Kh8 67. Rxa3 Bd5 68. Ra7
Bc4 69. Rb7 Bg8 70. Rc7 Ba2 71. Rh7+ Kg8 72. Ra7 Bd5 73. Rd7 Bf3 74. Rd8+
Kf7 75. Rd3 Be4 76. Re3 Bc2 77. Rg3 Be4 78. Rg7+ Kf6 79. Rg4 1-0

[Event "16th Open"]
[Site "Abu Dhabi UAE"]
[Date "2006.08.16"]
[Round "5"]
[White "Jasim,A"]
[Black "Samhouri,A"]
[Result "1/2-1/2"]
[WhiteElo "2326"]
[BlackElo "2294"]
[EventDate "2006.08.12"]

1. d4 d6 2. Nf3 Nf6 3. c4 Nbd7 4. Nc3 e5 5. e3 g6 6. Be2 Bg7 7. O-O O-O 8.
Qc2 Re8 9. dxe5 dxe5 10. e4 c6 11. h3 Qc7 12. Be3 Nf8 13. Rfd1 Ne6 14. b4
Nh5 15. Bf1 1/2-1/2

[Event "16th Open"]
[Site "Abu Dhabi UAE"]
[Date "2006.08.16"]
[Round "5"]
[White "El Arousy,A"]
[Black "Ramnath,B"]
[Result "1-0"]
[WhiteElo "2352"]
[BlackElo "2024"]
[EventDate "2006.08.12"]

1. d4 Nf6 2. c4 g6 3. Nc3 Bg7 4. Nf3 O-O 5. e3 d6 6. Be2 Nbd7 7. O-O e5 8.
Qc2 c6 9. b3 Re8 10. Bb2 e4 11. Nd2 Qe7 12. b4 Nf8 13. a4 g5 14. a5 Ng6 15.
Rfd1 h5 16. b5 a6 17. bxc6 bxc6 18. Na4 Bf5 19. Nb6 Ra7 20. Ba3 g4 21. Qa4
Qc7 22. Rab1 h4 23. Nf1 Bh6 24. Rb2 g3 25. fxg3 hxg3 26. h3 Nh4 27. Qb4 Rd8
28. Qe1 Bg6 29. Qxg3 Nf5 30. Qf2 Bg5 31. g3 Kg7 32. h4 Bxh4 33. gxh4 Rh8
34. Ng3 Nxh4 35. Qf4 Ne8 36. Bg4 f5 37. Be2 Qf7 38. Nc8 Rd7 39. Nxd6 Nxd6
40. Bxd6 Rh6 41. Be5+ Kh7 42. Rb8 1-0

[Event "16th Open"]
[Site "Abu Dhabi UAE"]
[Date "2006.08.16"]
[Round "5"]
[White "Ali,Ab"]
[Black "Amanov,M"]
[Result "0-1"]
[WhiteElo "2155"]
[BlackElo "2372"]
[EventDate "2006.08.12"]

1. d4 Nf6 2. c4 e6 3. Nc3 Bb4 4. Qc2 b6 5. f3 d5 6. cxd5 Bxc3+ 7. bxc3 exd5
8. Ba3 Bb7 9. e3 Nbd7 10. Bd3 c5 11. Ne2 O-O 12. g4 g6 13. Qd2 Re8 14. h4
Qe7 15. Kf2 h5 16. Ng3 hxg4 17. h5 gxf3 18. hxg6 Ng4+ 19. Kxf3 Qxe3+ 20.
Qxe3 Rxe3+ 21. Kxg4 Rxd3 22. gxf7+ Kxf7 23. Rh7+ Kg6 24. Re7 Rg8 25. Nf5
Kf6+ 26. Kf4 Nf8 27. Re3 Rxe3 28. Nxe3 Ne6+ 29. Kf3 cxd4 30. Ng4+ Kg6 31.
Rh1 Re8 32. cxd4 Nxd4+ 33. Kf4 Re4+ 34. Kg3 Nf5+ 35. Kh3 Bc8 36. Nf2 Re3+
0-1

[Event "16th Open"]
[Site "Abu Dhabi UAE"]
[Date "2006.08.16"]
[Round "5"]
[White "Ibrahim,I UAE"]
[Black "Ghader Pour,S"]
[Result "1-0"]
[WhiteElo "2133"]
[BlackElo "2152"]
[EventDate "2006.08.12"]

1. e4 c5 2. c3 Nf6 3. e5 Nd5 4. d4 cxd4 5. Nf3 Nc6 6. Bc4 Nb6 7. Bb3 g6 8.
cxd4 Bg7 9. Qe2 d5 10. h3 O-O 11. Nc3 Bf5 12. g4 Be6 13. O-O Rc8 14. Be3 h6
15. Nh4 Kh7 16. Rad1 Na5 17. Bc2 Nbc4 18. Bc1 a6 19. f4 Na3 20. f5 Nxc2 21.
Qxc2 Qb6 22. Qg2 Rcd8 23. fxe6 Qxe6 24. Ne2 Qb6 25. Kh1 Nc4 26. b3 Na5 27.
Ng3 Nc6 28. Nf3 Qa5 29. Qd2 Qc7 30. Kg2 Qd7 31. Nh4 Rc8 32. Rf2 Nd8 33.
Rdf1 Rg8 34. Qd3 Qb5 35. Qxb5 axb5 1-0

[Event "16th Open"]
[Site "Abu Dhabi UAE"]
[Date "2006.08.18"]
[Round "6"]
[White "Miroshnichenko,E"]
[Black "Kengis,E"]
[Result "1/2-1/2"]
[WhiteElo "2616"]
[BlackElo "2539"]
[EventDate "2006.08.12"]

1. d4 Nf6 2. c4 e6 3. g3 d5 4. Nf3 dxc4 5. Bg2 Bb4+ 6. Bd2 a5 7. Qc2 Bxd2+
8. Qxd2 Bd7 9. Ne5 Bc6 10. Nxc6 Nxc6 11. e3 Qd7 12. Na3 e5 13. Nxc4 exd4
14. exd4 O-O 15. d5 Nb4 16. O-O Nbxd5 17. Rfd1 c6 18. Nxa5 Qc7 19. Nc4 Rfd8
20. a3 Nb6 21. Qc2 Nxc4 22. Qxc4 Qb6 1/2-1/2

[Event "16th Open"]
[Site "Abu Dhabi UAE"]
[Date "2006.08.18"]
[Round "6"]
[White "Ibrahimov,R"]
[Black "Ghaem Maghami,E"]
[Result "1/2-1/2"]
[WhiteElo "2528"]
[BlackElo "2594"]
[EventDate "2006.08.12"]

1. Nf3 Nf6 2. c4 e6 3. g3 b6 4. Bg2 Bb7 5. O-O Be7 6. Nc3 O-O 7. Re1 Ne4 8.
Nxe4 Bxe4 9. d3 Bb7 10. e4 c5 11. d4 cxd4 12. Nxd4 Nc6 13. Nb5 d6 14. Be3
a6 15. Nc3 Ne5 16. b3 Qc7 17. Rc1 Rac8 18. h3 Rfd8 19. Qe2 Nd7 20. Red1
1/2-1/2

[Event "16th Open"]
[Site "Abu Dhabi UAE"]
[Date "2006.08.18"]
[Round "6"]
[White "Rausis,I"]
[Black "Azarov,S"]
[Result "1/2-1/2"]
[WhiteElo "2510"]
[BlackElo "2579"]
[EventDate "2006.08.12"]

1. e4 e5 2. Nf3 Nc6 3. Bb5 a6 4. Bxc6 dxc6 5. O-O f6 6. d4 exd4 7. Nxd4 c5
8. Ne2 Qxd1 9. Rxd1 Bd7 10. Be3 O-O-O 11. Nbc3 Re8 12. Rd2 Bc6 13. Rad1 b6
14. f3 Ne7 15. Nf4 1/2-1/2

[Event "16th Open"]
[Site "Abu Dhabi UAE"]
[Date "2006.08.18"]
[Round "6"]
[White "Odeev,H"]
[Black "Mamedov,Rau"]
[Result "0-1"]
[WhiteElo "2492"]
[BlackElo "2561"]
[EventDate "2006.08.12"]

1. e4 c5 2. Nf3 Nc6 3. Bb5 g6 4. Bxc6 dxc6 5. d3 Bg7 6. h3 b6 7. Nc3 e5 8.
Be3 Ne7 9. a3 f5 10. exf5 gxf5 11. O-O Ng6 12. Bd2 O-O 13. Re1 c4 14. Ng5
h6 15. Qh5 Qf6 16. Nf3 cxd3 17. cxd3 f4 18. Ne4 Qf5 19. Qxf5 Bxf5 20. Bc3
Rad8 21. Rad1 Rd5 22. Rd2 Rfd8 23. Red1 Nf8 24. b4 Ne6 25. Bb2 c5 26. Kf1
c4 27. dxc4 Rxd2 28. Nexd2 e4 29. Nh4 e3 30. Bxg7 Nxg7 31. fxe3 fxe3 32.
Ke2 Bc2 0-1

[Event "16th Open"]
[Site "Abu Dhabi UAE"]
[Date "2006.08.18"]
[Round "6"]
[White "Potkin,V"]
[Black "Amin,B"]
[Result "1-0"]
[WhiteElo "2556"]
[BlackElo "2453"]
[EventDate "2006.08.12"]

1. e4 e5 2. Nf3 Nc6 3. Bb5 a6 4. Ba4 Nf6 5. O-O Nxe4 6. d4 b5 7. Bb3 d5 8.
dxe5 Be6 9. Nbd2 Nc5 10. c3 Be7 11. Bc2 d4 12. Nb3 d3 13. Nxc5 dxc2 14.
Qxd8+ Rxd8 15. Nxe6 fxe6 16. Be3 Rd5 17. Rac1 Nxe5 18. Nxe5 Rxe5 19. Rxc2
Kf7 20. c4 b4 21. Rd1 Rd8 22. Rxd8 Bxd8 23. Kf1 Bg5 24. Bd4 Ra5 25. b3 Bf6
26. Be3 Rh5 27. h3 a5 28. Ke2 a4 29. Kd3 Ke8 30. bxa4 Ra5 31. c5 Rxa4 32.
Kc4 Bc3 33. Bd2 Kd7 34. Bxc3 bxc3+ 35. Kb3 Rf4 36. f3 Kc6 37. Rxc3 Rd4 38.
a4 Rd2 39. g3 g5 40. Kb4 Rh2 41. Ra3 Rxh3 42. a5 Kb7 43. g4 h5 44. a6+ Ka7
45. gxh5 Rxh5 46. Kb5 Rh3 47. Rd3 g4 48. Rd7 Rxf3 49. Rxc7+ Ka8 50. Rg7
Rb3+ 51. Kc4 Ra3 52. c6 Rxa6 53. Kb5 Ra1 54. Rg8+ Ka7 55. c7 Rb1+ 56. Ka4
1-0

[Event "16th Open"]
[Site "Abu Dhabi UAE"]
[Date "2006.08.18"]
[Round "6"]
[White "Kayumov,S"]
[Black "Neverov,V"]
[Result "0-1"]
[WhiteElo "2435"]
[BlackElo "2556"]
[EventDate "2006.08.12"]

1. e4 c5 2. Nf3 e6 3. b3 b6 4. c4 Bb7 5. Nc3 Nc6 6. Bb2 Nf6 7. Bd3 a6 8.
O-O Bd6 9. Re1 Ne5 10. Nxe5 Bxe5 11. Na4 d6 12. Bc2 Bxb2 13. Nxb2 e5 14. f4
exf4 15. Nd3 g5 16. Nf2 Nd7 17. d4 Qe7 18. Rb1 Rd8 19. b4 cxd4 20. Qxd4 Qe5
21. Qd1 Nf6 22. Rb3 O-O 23. Rd3 Rfe8 24. Rd4 h5 25. Re2 g4 26. Red2 Re6 27.
Qb1 Rde8 28. Qb2 g3 29. hxg3 fxg3 30. Nh3 Ng4 31. Bd1 Rf6 32. Bf3 Nh2 33.
Qb3 Bxe4 34. Be2 h4 35. Qd1 Bb7 36. Rxh4 Qe3+ 37. Kh1 Rh6 38. Rd3 Rxh4 39.
Rxe3 Rxe3 40. Qxd6 Rxh3 41. Qd8+ Kg7 42. Qd4+ Kf8 43. Kg1 Rxe2 44. Qd8+ Re8
45. Qd6+ Kg8 46. Qd2 Rh6 47. Qc3 Rg6 0-1